Statystyki dla Stolice Państw Europy

Kliknij tutaj aby rozwiązać quiz!

Ogólne statystyki

  • Ten quiz został rozwiązany 644 razy
  • Średni wynik to 35 z 47

Statystyki odpowiedzi

HintOdpowiedź% Poprawnych
UkrainaKijów
96%
RosjaMoskwa
96%
WatykanWatykan
96%
CzechyPraga
95%
BelgiaBruksela
91%
BiałoruśMińsk
91%
San MarinoSan Marino
90%
LitwaWilno
89%
Wielka BrytaniaLondyn
85%
GrecjaAteny
84%
FrancjaParyż
84%
PolskaWarszawa
84%
RumuniaBukareszt
81%
IrlandiaDublin
81%
MonakoMonako
81%
BułgariaSofia
81%
AustriaWiedeń
81%
WłochyRzym
80%
NiemcyBerlin
79%
PortugaliaLizbona
79%
HolandiaAmsterdam
78%
DaniaKopenhaga
78%
LuksemburgLuksemburg
78%
SerbiaBelgrad
76%
HiszpaniaMadryt
76%
NorwegiaOslo
76%
FinlandiaHelsinki
74%
AndoraAndora
73%
LiechtensteinVaduz
73%
SłowacjaBratysława
72%
ŁotwaRyga
72%
SzwejcaSztokholm
71%
ChorwacjaZagrzeb
71%
SzwajcariaBerno
70%
WęgryBudapeszt
70%
AlbaniaTirana
69%
SłoweniaLublana
68%
Estoniatallin
67%
TurcjaAnkara
61%
Bośnia i HercegowinaSarajewo
58%
CzarnogóraPodgorica
55%
KosowoPrisztina
54%
MołdawiaKiszyniów
53%
MacedoniaSkopje
53%
MaltaValletta
53%
CyprNikozja
47%
IslandiaRejkiawik
38%

Rozkład punktacji

Percentyl według liczby udzielonych odpowiedzi

Procent ludzi z każdym wynikiem

Twoja historia wyników

Nie rozwiązałeś tego quizu